'The Office' Pop Vinyl - Statistics

General Stats
  • This quiz has been taken 74 times
    39 since last reset
  • The average score is 13 of 78
Answer Stats
Hint Answer % Correct
77 3-Pack Utica Prank Michael/Dwight/Jim
100%
1 Original Character Michael Scott
97%
2 Original Character Jim Halpert
91%
4 Original Character Dwight Schrute
88%
6 Original Character Pam Beesly
88%
31 Original Character Angela Martin
59%
53 Original Character Oscar Martinez
56%
46 Original Character Creed Bratton
53%
27 Original Character Kelly Kapoor Casual Friday
53%
8 Original Character Kevin Malone
53%
50 Original Character Ryan Howard
53%
22 Original Character Stanley Hudson
53%
26 Original Character Meredith Palmer Casual Friday
50%
62 Original Character Erin Hannon
47%
52 Original Character Phyllis Vance
47%
12 Original Character Andy Bernard
44%
36 Original Character Jan Levinson
41%
7 Original Character Darryl Philbin
38%
68 Original Character Mose Schrute
28%
40 Variant of #1 Michael Scarn
16%
71 Variant of #12 Fun Run Andy
6%
72 Variant of #4 Fun Run Dwight
6%
11 Variant of #2 Goldenface
6%
73 Variant of #1 Michael with Check
6%
9 Variant of #1 Prison Mike
6%
41 Variant of #12 Andy Bernard Sumo Suit
3%
57 Variant of #31 Angela Martin Fun Run
3%
47 CHASE Variant of #46 Creed Bratton Halloween Bloody
3%
48 Variant of #46 Creed Bratton with Mung Beans
3%
16 Variant of #1 Date Mike
3%
42 Original Character Dundie Award
3%
19 Variant of #4 Dwight Schrute as Belsnickel
3%
17 Variant of #4 Dwight Schrute as Elf
3%
43 Variant of #4 Dwight Schrute as Kerrigan
3%
38 Variant of #4 Dwight Schrute as Pam Beesly
3%
21 Variant of #4 Dwight Schrute as Recyclops
3%
30 Variant of #4 Dwight Schrute as Recyclops
3%
32 Variant of #4 Dwight Schrute as Recyclops
3%
44 Variant of #4 Dwight Schrute Basketball
3%
45 CHASE Variant of #4 Dwight Schrute Basketball Shirtless
3%
5 Variant of #4 Dwight Schrute Blonde
3%
10 Variant of #4 Dwight Schrute Hayking
3%
59 Variant of #4 Dwight Schrute Pumpkinhead
3%
34 Variant of #4 Dwight Schrute Scranton Strangler
3%
29 Variant of #4 Dwight Schrute Sith Lord
3%
65 Variant of #4 Dwight Schrute with Blow Torch
3%
15 Variant of #4 Dwight Schrute with Bobblehead
3%
23 Variant of #4 Dwight Schrute with Jello Stapler
3%
28 Variant of #4 Dwight Schrute with Princess Unicorn
3%
25 Variant of #22 Florida Stanley Hudson
3%
74 Variant of #26 Fun Run Meredith
3%
14 Variant of #2 Jim Halpert 3-Hole Punch
3%
13 Variant of #2 Jim Halpert as Dwight
3%
3 CHASE Variant of #2 Jim Halpert Bookface
3%
55 Variant of #2 Jim Halpert Sumo Suit
3%
35 Variant of #2 Jim Halpert with Nononsense Sign
3%
69 Variant of #27 Kelly Kapoor Halloween
3%
63 Variant of #8 Kevin Malone as Dunder Mifflin Superhero
3%
37 Variant of #8 Kevin Malone with Tissue Box Shoes and Wig
3%
70 Variant of #1 Michael as Jesus
3%
78 Pop Ride Michael in Convertible
3%
39 Variant of #1 Michael Klump
3%
18 Variant of #1 Michael Scott as Classy Santa
3%
49 Variant of #1 Michael Scott Basketball
3%
66 Variant of #1 Michael Scott Golden TIcket
3%
33 Variant of #1 Michael Scott Straight Jacket
3%
24 Variant of #1 Michael Scott Survivor Man
3%
58 Variant of #1 Michael Scott with Crutches
3%
61 Variant of #53 Oscar Martinez with Scarecrow Doll
3%
60 Variant of #6 Pam Beesly with Teapot
3%
67 Variant of #52 Phyllis Vance as Santa
3%
51 Variant of #50 Ryan Howard Blonde
3%
54 Variant of #22 Stanley Hudson Samurai
3%
56 Variant of #22 Stanley Hudson Sumo Suit
3%
75 2-Pack The Scranton Boys
3%
76 2-Pack Toby vs Michael
3%
64 Variant of #1 Younger Michael Scott
3%
20 Variant of #4 Dwight Schrute with Mask
0%
No matching quizzes found
Score Distribution
Percent of People with Each Score
Percentile by Number Answered
Your Score History
You have not taken this quiz since the last reset